|
|
|
|
| LEADER |
00000nam a22000007a 4500 |
| 005 |
20190405231224.0 |
| 007 |
cr|||| |||| |
| 008 |
190405s2018 mx |||||s|||| 00||0 spa d |
| 020 |
|
|
|a 978-607-8552-80-1
|
| 035 |
|
|
|a 23023
|
| 040 |
|
|
|a vLex
|
| 090 |
|
|
|c 8568
|d 8568
|
| 100 |
1 |
|
|a Tapia Iturriaga, Carmen Karina
|
| 245 |
1 |
0 |
|a Cm̤o entender finanzas sin ser financiero
|h [Recurso electrn̤ico] /
|c Carmen Karina Tapia Iturriaga
|
| 256 |
|
|
|a Servicio en ln̕ea
|
| 260 |
|
|
|a Ciudad de Mx̌ico:
|b Instituto Mexicano de Contadores Pb︢licos,
|c 2018
|
| 300 |
|
|
|a 1 recurso electrn̤ico
|
| 506 |
1 |
|
|a Disponible solo en los productos indicados
|d vLex Global
|d vLex Global (Academic Edition, excluding Law Schools)
|d vLex Global (U.S. Academic Edition, Law Schools)
|d vLex Global (U.S. Academic Edition, excluding Law Schools)
|d vLex Global (Academic Edition, Law Schools)
|
| 650 |
0 |
4 |
|a Financiero
|z Mx̌ico
|
| 650 |
0 |
4 |
|a Banca y finanzas
|z Mx̌ico
|
| 740 |
0 |
|
|a vLex Libros (Servicio en ln̕ea)
|
| 856 |
4 |
0 |
|u http://vlex.com/source/como-entender-finanzas-sin-ser-financiero-23023
|z Acceso restringido
|
| 942 |
|
|
|c BOOK
|
| 999 |
0 |
|
|a Financial
|
| 999 |
0 |
|
|a Banking and finance
|